000 00382nab a22001097u 4500
008 130520b1966 xxu||||| |||| 00| 0 spa d
041 _aspa
100 1 _aMartínez Ruiz, Elías
_99151
245 0 0 _aOrígenes y arranque de la prueba de Dios en el pensamiento actual
_cElías Martínez Ruiz
773 0 _tRevista de Filosofía
_gV.25,1966,págs. 19-86
_x0034-8244
_wRev390
942 _cAR
999 _c421362
_d421362